Drapeaux ayant le plus de la même couleur - Avec Drapeaux - Statistiques

Statistiques générales
  • Ce quiz a été pris 118 fois
  • Le résultat moyen est 20 sur 23
Statistiques - réponses
Par images Hint Réponse % Correct
97.0 % Maroc
100%
97.6 % Chine
99%
94.8 % Arabie Saoudite
98%
93.9 % Turquie
98%
90.6 % Tunisie
97%
89.8 % Chypre
96%
87.1 % Albanie
95%
93.3 % Viêt Nam
95%
81.1 % Japon
94%
80.1 % Suisse
93%
87.8 % Kosovo
92%
80.6 % Nouvelle-Zélande
91%
91.2 % Kazakhstan
89%
95.7 % Somalie
89%
80.0 % Lettonie
87%
89.3 % Afghanistan
82%
83.8 % Turkménistan
80%
97.7 % États Fédérés de Micronésie
79%
82.3 % Palaos
79%
83.1 % Tonga
79%
91.1 % Kirghizistan
77%
86.3 % Sainte-Lucie
71%
89.5 % Nauru
67%
Aucun quiz correspondant
Distribution des résultats
% des personnes avec chaque résultat
Percentile par nombre de réponses
Votre historique - résultats
Vous n’avez pas pris ce quiz